Changing rates or return to education over time : a korean case study (Record no. 63881)

MARC details
000 -CABECERA
campo de control de longitud fija 00668nam a2200241 a 4500
005 - FECHA Y HORA DE LA ÚLTIMA TRANSACCIÓN
campo de control 20210219152924.0
008 - ELEMENTOS DE LONGITUD FIJA--INFORMACIÓN GENERAL
campo de control de longitud fija 991125n 000 0 eng u
035 ## - NÚMERO DE CONTROL DEL SISTEMA
Número de control de sistema UPN01000067250
100 ## - ASIENTO PRINCIPAL--NOMBRE PERSONAL
Nombre de persona Ryoo, Jai-Kyung
222 ## - TÍTULO CLAVE
Título clave ECONOMICS OF EDUCATION REVIEW
245 ## - MENCIÓN DE TÍTULO
Título Changing rates or return to education over time : a korean case study
300 ## - DESCRIPCIÓN FÍSICA
Extensión 71-80
362 ## - FECHAS DE PUBLICACIÓN Y/O DESIGNACIÓN SECUENCIAL
Fecha de publicación y/o designación secuencial 1993 12, No. 1
505 ## - NOTA DE CONTENIDO CON FORMATO PREESTABLECIDO
Nota de contenido con formato Octubre 1993
653 0# - TERMINO DE INDIZACION - NO CONTROLADO
Término no controlado ECONOMIA EDUCATIVA
653 0# - TERMINO DE INDIZACION - NO CONTROLADO
Término no controlado ESTUDIOS DE CASO
653 0# - TERMINO DE INDIZACION - NO CONTROLADO
Término no controlado INDUSTRIALIZACION
653 0# - TERMINO DE INDIZACION - NO CONTROLADO
Término no controlado PAISES DESARROLLADOS
700 ## - ASIENTO SECUNDARIO--NOMBRE DE PERSONAL
Nombre de persona Nam, Young-Sook
700 1# - ASIENTO SECUNDARIO--NOMBRE DE PERSONAL
Nombre de persona Carnoy, Martin
904 ## - ELEMENTOS DE DATOS D LOCAL, LDD (RLIN)
a AC
b 005061
905 ## - TIPO DE MATERIAL
Tipo de material Articulo

No items available.